000 00504nam a2200169Ia 4500
008 240729s9999 xx 000 0 und d
022 _a2314-7105
245 0 _aAssiut Journal of Sport Science and Arts
260 _aEgypt
260 _bAssiut University, Faculty of Physical Education
650 _a Recreation. Leisure
650 _a Sports
650 _aGeography. Anthropology. Recreation
856 _uhttps://doaj.org/toc/72bc434c364a47bc9822192a8eb31e89
942 _2ddc
942 _cDOAJEJ
999 _c73350
_d73350
945 _a1
_bMadushi Gamage
_c1
_dMadushi Gamage